Pricing derivatives / (Record no. 345667)

000 -LEADER
fixed length control field 01394 a2200229 4500
020 ## - INTERNATIONAL STANDARD BOOK NUMBER
International Standard Book Number 0071445889
020 ## - INTERNATIONAL STANDARD BOOK NUMBER
International Standard Book Number 9780071445887
082 04 - DEWEY DECIMAL CLASSIFICATION NUMBER
Classification number 332.6457
090 ## - LOCALLY ASSIGNED LC-TYPE CALL NUMBER (OCLC); LOCAL CALL NUMBER (RLIN)
-- 3179
-- 3179
100 1# - MAIN ENTRY--PERSONAL NAME
Personal name Sengupta, Ambar.
245 10 - TITLE STATEMENT
Title Pricing derivatives /
Statement of responsibility, etc. Ambar Sengupta.
250 ## - EDITION STATEMENT
Edition statement 1st ed.
260 ## - PUBLICATION, DISTRIBUTION, ETC.
Place of publication, distribution, etc. [S.l.] :
Name of publisher, distributor, etc. McGraw-Hill,
Date of publication, distribution, etc. 2005.
300 ## - PHYSICAL DESCRIPTION
Extent 282 p. ;
Dimensions 24 cm.
490 1# - SERIES STATEMENT
Series statement Mcgraw-hill library of investment and finance.
500 ## - GENERAL NOTE
General note Hardcover.
520 ## - SUMMARY, ETC.
Summary, etc. Irwin Library of Investment and Finance Pricing Derivatives provides investors with a clear understanding of derivative pricing models by first focusing on the underlying mathematics and financial concepts upon which the models were originally built. Trading consultant Professor Ambar Sengupta uses short, to-the-point chapters to examine the relation between price and probability as well as pricing structures of all major derivative instruments. Other topics covered include foundations of stochastic models of pricing, along with methods for establishing optimal prices in terms of the max-min principles that underlie game theory.
830 #0 - SERIES ADDED ENTRY--UNIFORM TITLE
Uniform title Mcgraw-hill library of investment and finance.
856 40 - ELECTRONIC LOCATION AND ACCESS
Materials specified Amazon.com
Uniform Resource Identifier <a href="http://www.amazon.com/exec/obidos/ASIN/0071445889/chopaconline-20">http://www.amazon.com/exec/obidos/ASIN/0071445889/chopaconline-20</a>
856 40 - ELECTRONIC LOCATION AND ACCESS
Materials specified Amazon customer reviews
Uniform Resource Identifier <a href="http://www.chopac.org/cgi-bin/tools/azrev.pl?q=0071445889">http://www.chopac.org/cgi-bin/tools/azrev.pl?q=0071445889</a>
942 ## - ADDED ENTRY ELEMENTS (KOHA)
Institution code [OBSOLETE] NBS
Koha item type Book
Call number prefix 332.6457 SEN
Holdings
Withdrawn status Lost status Damaged status Not for loan Permanent Location Current Location Date acquired Total Checkouts Full call number Barcode Date last seen Date last checked out Price effective from Koha item type
        Central Library (CL) Central Library (CL) 08/28/2013 1 332.6457 SEN NBS7235 11/22/2017 08/04/2017 08/28/2013 Book
© 2023 Central Library, National University of Sciences and Technology. All Rights Reserved.